Lexical Transfer in Third Language Acquisition
Elmentve itt :
| Szerző: | |
|---|---|
| További közreműködők: | |
| Dokumentumtípus: | Szakdolgozat |
| Megjelent: |
2016
|
| Tárgyszavak: | |
| Online Access: | http://diploma.bibl.u-szeged.hu/64363 |
| LEADER | 00586nta a2200157 i 4500 | ||
|---|---|---|---|
| 001 | dipl64363 | ||
| 005 | 20170313113630.0 | ||
| 008 | 170313s2016 hu om 0|| eng d | ||
| 040 | |a SZTE Diploma Repozitórium |b hun | ||
| 041 | |a eng | ||
| 100 | 1 | |a Miholics László | |
| 245 | 1 | 0 | |a Lexical Transfer in Third Language Acquisition |h [elektronikus dokumentum] / |c László Miholics |
| 260 | |c 2016 | ||
| 650 | 4 | |a Bölcsészettudományok | |
| 700 | 1 | |a Tápainé Balla Ágnes |e ths | |
| 856 | 4 | 0 | |u http://diploma.bibl.u-szeged.hu/id/eprint/64363/2/2016_Miholics_L%C3%A1szl%C3%B3_MILSAAB_SZE_SZ.pdf |z Dokumentum-elérés |